| 000 | 00847cam a22002653a 4500 | ||
|---|---|---|---|
| 001 | 16393268 | ||
| 003 | OSt | ||
| 005 | 20140310182326.0 | ||
| 008 | 980518s1991 xxu 000 1 eng | ||
| 010 | _a 98816152 | ||
| 020 | _a0451171012 | ||
| 035 | _a(DLC) 98816152 | ||
| 040 |
_aDLC _cDLC _dDLC |
||
| 050 | 0 | 0 |
_aPZ 7 _b.R397 1991 |
| 082 |
_aFIC _bR29mc 1991 |
||
| 100 |
_aRendell, Ruth _921278 |
||
| 245 | 1 | 0 |
_aMystery cats : _bfelonious felines from Ellery Queen's mystery magazine and Alfred Hitchock's mystery magazine / _cRuth Rendell. |
| 260 |
_aNew York : _bSignet, _c1991. |
||
| 300 |
_a256 p. : _c18 cm. |
||
| 655 | 7 |
_aMystery fiction. _2gsafd _94089 |
|
| 710 | 2 |
_aCopyright Paperback Collection (Library of Congress) _5DLC _9705 |
|
| 906 |
_a7 _bcbc _corignew _d2 _encip _f19 _gy-genrareb |
||
| 942 |
_2lcc _cBK-FIC |
||
| 999 |
_c11896 _d11896 |
||